Změny při mezinárodním srovnávání hrubého domácího produktu za rok 1999

Medzinárodné porovnanie hrubého domáceho produktu krajín OECD a zmeny, ku ktorým prišlo v tomto porovnávaní. Porovnanie HDP na 1 obyvateľa v krajinách OECD v rokoch 1999 až 2001.

Salvato in:
Dettagli Bibliografici
Autore principale: Pelej, Jiří
Natura: Capitolo di libro
Lingua:ceco
Soggetti:
Tags: Aggiungi Tag
Nessun Tag, puoi essere il primo ad aggiungerne!!

MARC

LEADER 00000naa a2200000 4500
001 r047996
005 20231002094037.0
041 0 |a cze 
044 |a CZ 
245 1 0 |a Změny při mezinárodním srovnávání hrubého domácího produktu za rok 1999  |c Jiří Pelej 
520 |a Medzinárodné porovnanie hrubého domáceho produktu krajín OECD a zmeny, ku ktorým prišlo v tomto porovnávaní. Porovnanie HDP na 1 obyvateľa v krajinách OECD v rokoch 1999 až 2001. 
610 2 0 |a štatistika medzinárodná 
610 2 0 |a produkt domáci hrubý 
610 2 0 |a porovnanie štatistické medzinárodné 
610 2 0 |a porovnanie medzinárodné 
610 2 0 |a krajiny vyspelé 
610 2 0 |a OECD 
100 1 |a Pelej, Jiří